[Event "RUS-Cup01 Chigorin mem"]
[Site "St Petersburg"]
[Date "1997.11.06"]
[Round "6"]
[White "Jakovenko, Dmitrij"]
[Black "Lobzhanidze, Davit"]
[Result "1/2-1/2"]
[WhiteElo "2420"]
[BlackElo "2515"]

1.e4 c5 2.Nf3 d6 3.d4 cxd4 4.Nxd4 Nf6 5.Nc3 a6 6.Be2 e5 7.Nb3 Be7 8.O-O Be6
9.f4 Qc7 10.a4 Nbd7 11.Be3 O-O 12.Kh1 exf4 13.Rxf4 Ne5 14.Rf1 Nc4 15.Bc1 Rac8
16.Nd4 Ne5 17.Nf5 Bxf5 18.exf5 Rfd8 19.Bf4 Qc5 20.Qe1 Nc6 21.Qg3 Kh8 22.Rae1 d5
23.Bg5 Nb4 24.Bd1 d4 25.Bxf6 Bxf6 26.Ne4 Qc7 27.Qg4 Nd5 28.Qh5 Re8 29.Rf3 Re5
30.Rb3 Rce8 31.Rh3 h6 32.Qg4 Qe7 33.Bf3 Ne3 34.Qf4 Rxe4 35.Bxe4 Qxe4 36.Qxe4 Rxe4
37.c3 Rf4 38.cxd4 Ng4 39.Rb3 Bxd4 40.h3 Nf2+ 41.Kh2 b6 42.g4 Ne4 43.Re2 Bc5
44.Kg2 Nd6 45.a5 bxa5 46.Rb8+ Kh7 47.Rc2 Nc4 48.Rc3 Rf2+ 49.Kh1 Nd2 50.Rc8 Bd4
51.Rc2 Rf1+ 52.Kh2 Rd1 53.Rc1 Rxc1 54.Rxc1 Bxb2 55.Rc2 Be5+ 56.Kg2 Nb3 57.Rc6 a4
58.Rxa6 Nc5 59.Ra5 Bd4 60.Kf3 g5 61.fxg6+ Kxg6 62.Kf4 Kf6 63.h4 Kg6 64.Kf3 Kf6
65.Kf4 Be5+ 66.Ke3 Bd6 67.Ra7 Kg6 68.Kd4 Bf8 69.Kd5 Kf6 70.Ra8 Nd7 71.Ra7 Nb6+
72.Kc6 Nc8 73.Rxa4 Ne7+ 74.Kd7 Ng6 75.Ra6+ Kg7 76.Ke8 Nxh4 77.Ra7 Bc5 78.Rxf7+ Kg6
79.Rc7 Be3 80.Rc4 Ng2 81.Re4 Bf4 82.Kf8 Bd6+ 83.Kg8 Nf4 84.Rd4 Bc7 85.Rd7 Be5
86.Rd2 Bf6 87.Kf8 Ne6+ 88.Ke8 Nc5 89.Rd5 Ne4 90.Kd7 Nf2 91.Ke6 Nxg4 92.Rd3 h5
93.Kd5 Kg5 94.Rf3 Bb2 95.Ke4 Nh6 96.Rb3 Bg7 97.Kf3 Be5 98.Kf2 Kg4 99.Rb6 Nf7
100.Rb7 Nd6 101.Rb6 Nf5 102.Rg6+ Kh4 103.Re6 Ne3 104.Kf3 Ng4 105.Kg2 Bb8
106.Re8 Ba7 107.Re4 Bb6 108.Re6 Be3 109.Re4 Bc1 110.Rc4 Bb2 111.Rb4 Be5 112.Ra4 Kg5
113.Kh3 Nf2+ 114.Kg2 Nd3 115.Kh3 Nf2+ 116.Kg2 Nd1 117.Kh3 Ne3 118.Re4 Ng4
119.Ra4 Nf6 120.Ra5 Kf4 121.Ra4+ Kf5 122.Rc4 Bf4 123.Rc5+ Be5 124.Rc6 Nh7
125.Rc8 Bf6 126.Rc5+ Kg6 127.Rb5 Nf8 128.Rb6 Nd7 129.Rb5 Nf8 130.Rb6 Nh7
131.Rb5 Bd8 132.Rd5 Bc7 133.Rc5 Bf4 134.Rb5 Bg5 135.Rb6+ Bf6 136.Rb5 Nf8
137.Rb6 Nd7 138.Rb5 Bg5 139.Rd5 Nf8 140.Rb5 Bf4 141.Kh4  1/2-1/2

[Event "RUS-Cup06"]
[Site "Nizhnij Novgorod"]
[Date "1998.06.30"]
[Round "2"]
[White "Vaulin, Alexander"]
[Black "Jakovenko, Dmitrij"]
[Result "1-0"]
[WhiteElo "2535"]
[BlackElo "2410"]

1.e4 c5 2.Nf3 e6 3.d3 d5 4.Qe2 Nf6 5.g3 Nc6 6.Bg2 Be7 7.O-O O-O 8.e5 Nd7
9.c4 Re8 10.Re1 d4 11.h4 Rb8 12.Bf4 b5 13.cxb5 Rxb5 14.Na3 Rb8 15.Nc4 Na5
16.Nfd2 Ba6 17.b3 Nxc4 18.bxc4 Rb2 19.Qd1 Rb6 20.Qa4 Qc7 21.Rab1 Reb8 22.Rxb6 Rxb6
23.Nb3 Bc8 24.Bd2 Ra6 25.Ba5 Kf8 26.Qb5 Nb6 27.h5 f6 28.exf6 gxf6 29.f4 Bd6
30.Rxe6 Bxe6 31.Qxa6 Bc8 32.Bxb6 axb6 33.Qa8 Kg7 34.Nd2 Bg4 35.Bf3 Qe7 36.Bxg4 Qe3+
37.Kh1 Qe1+ 38.Kh2 Qxd2+ 39.Kh3 Qxd3 40.Qb7+ Kh6 41.Qf7 Qf1+ 42.Kh4  1-0

[Event "RUS-Cup06"]
[Site "Nizhnij Novgorod"]
[Date "1998.07.01"]
[Round "3"]
[White "Jakovenko, Dmitrij"]
[Black "Aseev, Konstantin N"]
[Result "0-1"]
[WhiteElo "2410"]
[BlackElo "2565"]

1.e4 c5 2.Nf3 d6 3.d4 cxd4 4.Nxd4 Nf6 5.Nc3 Nc6 6.Bg5 e6 7.Qd2 Be7 8.O-O-O Nxd4
9.Qxd4 a6 10.f4 b5 11.Bxf6 gxf6 12.e5 d5 13.Kb1 Bd7 14.Qe3 f5 15.Ne2 h5 16.h4 b4
17.Qf3 Bb5 18.Ng3 Bxf1 19.Rdxf1 Rg8 20.Nxh5 Rc8 21.g3 Qc7 22.Rc1 Qc4 23.Qd3 Kd7
24.Qxc4 Rxc4 25.c3 Rg6 26.cxb4 Rxb4 27.a3 Rb7 28.Rc3 Rh6 29.Nf6+ Bxf6 30.exf6 Rxf6
31.b4 a5 32.Rb3 axb4 33.axb4 Rh6 34.Kb2 Rh8 35.h5 f6 36.Kc3 e5 37.fxe5 fxe5
38.Rb2 Kd6 39.h6 Rbh7 40.Rbh2 Rc8+ 41.Kb3 Rg8 42.Rh3 e4 43.Ra1 Ke5 44.b5 Rb8
45.Kb4 e3 46.Rh2 d4 47.Rc1 d3 48.Re1 f4 49.gxf4+ Kd4 50.Rd1 Re8 51.Rh3 d2
52.b6 Kd3 53.Ra1 Kc2 54.Rhh1 e2 55.Ra2+ Kd3 56.Ra3+ Kd4  0-1

[Event "RUS-Cup06"]
[Site "Nizhnij Novgorod"]
[Date "1998.07.03"]
[Round "5"]
[White "Ovchinikova, Julia"]
[Black "Jakovenko, Dmitrij"]
[Result "0-1"]
[WhiteElo "2200"]
[BlackElo "2410"]

1.d4 Nf6 2.c4 e6 3.Nc3 Bb4 4.e3 b6 5.Ne2 c5 6.a3 Ba5 7.g3 Bb7 8.d5 b5 9.Bg2 bxc4
10.e4 O-O 11.O-O d6 12.Bh3 exd5 13.exd5 Nbd7 14.Bg5 h6 15.Bxd7 hxg5 16.Bb5 Qc8
17.Bxc4 Qh3 18.f3 Rfe8 19.Qa4 Bxc3 20.Nxc3 Nd7 21.Rae1 Ne5 22.Ne4 Qh6 23.Kg2 f5
24.Nf2 Kh7 25.Nd3 Qf6 26.Nxe5 Rxe5 27.Rxe5 Qxe5 28.Qb3 Rb8 29.Rf2 g4 30.Qd3 gxf3+
31.Qxf3 Rf8 32.h4 Kg8 33.Kh2 Qd4 34.b3 g6 35.Qf4 Qxf4 36.Rxf4 Re8 37.h5 Re5
38.hxg6 Kg7 39.g4 Kxg6 40.Bd3 Kg5 41.Rxf5+ Rxf5 42.Bxf5 Bxd5 43.b4 cxb4 44.axb4 Kf4
45.Kh3 Be4 46.Be6 d5 47.Kh4 d4 48.g5 d3 49.Bb3 a6 50.Kh5 d2 51.Kh6 Bf3 52.Kg6 Ke5
53.Ba4 d1=Q 54.Bxd1 Bxd1 55.Kh6 Kd4 56.g6 Kc3  0-1

[Event "RUS-Cup06"]
[Site "Nizhnij Novgorod"]
[Date "1998.07.04"]
[Round "6"]
[White "Jakovenko, Dmitrij"]
[Black "Haselhorst, Helmut"]
[Result "1-0"]
[WhiteElo "2410"]
[BlackElo "2200"]

1.e4 c6 2.d4 d5 3.Nc3 g6 4.h3 Bg7 5.Nf3 Nf6 6.e5 Ne4 7.Nxe4 dxe4 8.Ng5 c5
9.d5 Bxe5 10.Nxe4 O-O 11.c3 b6 12.Bh6 Re8 13.Qf3 Nd7 14.Bb5 Bb7 15.O-O-O Qc7
16.h4 Red8 17.h5 Nf6 18.hxg6 hxg6 19.Bg5 Rxd5 20.Rxd5 Nxd5 21.Qh3 Bc6 22.Qh7+ Kf8
23.Bh6+ Ke8 24.Qg8+ Kd7 25.Qxa8 Bxb5 26.Qxd5+  1-0

[Event "RUS-Cup06"]
[Site "Nizhnij Novgorod"]
[Date "1998.07.05"]
[Round "7"]
[White "Dubinsky, Roman"]
[Black "Jakovenko, Dmitrij"]
[Result "0-1"]
[WhiteElo "2320"]
[BlackElo "2410"]

1.e4 e5 2.f4 exf4 3.Nf3 Ne7 4.d4 Ng6 5.Bc4 Be7 6.Nc3 c6 7.O-O O-O 8.Bd3 d5
9.exd5 cxd5 10.Ne5 Nc6 11.Bxg6 hxg6 12.Bxf4 Bf5 13.Kh1 Rc8 14.a3 Nxe5 15.Bxe5 f6
16.Bg3 Qd7 17.Qd2 Rc4 18.Rae1 Rfc8 19.Re3 b5 20.h3 a5 21.Rfe1 Bf8 22.b3 R4c6
23.Nxb5 Rxc2 24.Qxa5 Bxh3 25.R1e2 Qg4 26.Rd2 Qf5 27.Nc7 Rc1+ 28.Kh2 Bxg2
29.Bf2 Qh5+ 30.Kxg2 Qh1+ 31.Kg3 Bd6+ 32.Re5 Bxc7 33.Qa6 Rc3+  0-1

[Event "RUS-Cup06"]
[Site "Nizhnij Novgorod"]
[Date "1998.07.06"]
[Round "8"]
[White "Jakovenko, Dmitrij"]
[Black "Rashkovsky, Nukhim N"]
[Result "0-1"]
[WhiteElo "2410"]
[BlackElo "2505"]

1.e4 d6 2.d4 g6 3.Nc3 Bg7 4.f4 a6 5.Nf3 b5 6.Bd3 Bb7 7.O-O Nd7 8.a4 b4 9.Ne2 Ngf6
10.Ng3 O-O 11.e5 Nd5 12.Qe1 e6 13.c4 bxc3 14.bxc3 a5 15.Ne4 Ba6 16.Bxa6 Rxa6
17.Ba3 f5 18.exf6 N7xf6 19.Nfg5 Re8 20.Qe2 Rb6 21.Rae1 Qd7 22.c4 Nxe4 23.Qxe4 Nc3
24.Qd3 Rb3 25.Bc1 d5 26.cxd5 Qxd5 27.Kh1 Nb5 28.Qc2 Nxd4 29.Qxc7 Rb7 30.Qc3 h6
31.Ne4 Rb3 32.Qc7 Rb4 33.Nd6 Rf8 34.Nc8 Qd8 35.Ne7+ Kf7 36.Nd5+ Qxc7 37.Nxc7 Rc8
38.Nb5 Nxb5 39.axb5 Rxb5 40.Ba3 Rc2 41.Rd1 Bb2 42.Rf3 a4 43.h3 Rb3 44.Rxb3 axb3
45.Bxb2 Rxb2 46.Rd7+ Kf6 47.Rb7 g5 48.fxg5+ hxg5 49.Kh2 e5 50.Kg3 Ke6 51.Kf3 Rb1
52.Kg4 b2 53.Kxg5 e4 54.h4 Kd6 55.Rb3 Kd5 56.h5 Kc4 57.Re3 Kd4 58.Rb3 e3
59.h6 e2 60.h7 Rh1 61.Rh3 Rxh3 62.gxh3 e1=Q 63.h8=Q+ Qe5+  0-1

[Event "RUS-Cup06"]
[Site "Nizhnij Novgorod"]
[Date "1998.07.07"]
[Round "9"]
[White "Rustemov, Alexander"]
[Black "Jakovenko, Dmitrij"]
[Result "1-0"]
[WhiteElo "2575"]
[BlackElo "2410"]

1.Nf3 Nf6 2.g3 d5 3.Bg2 Bf5 4.c4 c6 5.b3 e6 6.O-O h6 7.d3 Bc5 8.Ba3 Bxa3
9.Nxa3 O-O 10.Qd2 Nbd7 11.Qb2 Qe7 12.Nc2 Bh7 13.Rac1 e5 14.cxd5 Nxd5 15.Nd2 f5
16.b4 Kh8 17.b5 f4 18.bxc6 bxc6 19.Qa3 Qg5 20.Ne4 Bxe4 21.dxe4 N5f6 22.Ne1 fxg3
23.hxg3 Qh5 24.Nf3 Nxe4 25.Rxc6 Ndf6 26.Nh4 Rac8 27.Bxe4  1-0

[Event "RUS-Cup07"]
[Site "Tomsk"]
[Date "1998.07.20"]
[Round "6"]
[White "Vaulin, Alexander"]
[Black "Jakovenko, Dmitrij"]
[Result "1/2-1/2"]
[WhiteElo "2535"]
[BlackElo "2410"]

1.e4 e5 2.Nf3 Nc6 3.Bb5 a6 4.Bxc6 dxc6 5.O-O f6 6.d4 exd4 7.Nxd4 c5 8.Ne2 Qxd1
9.Rxd1 Bd7 10.Nbc3 O-O-O 11.Be3 b6 12.Rd2 Ne7 13.Rad1 Nc6 14.Bf4 Ne5 15.Bxe5 fxe5
16.Ng3 Be7 17.Nf5 Bg5  1/2-1/2

[Event "RUS-Cup07"]
[Site "Tomsk"]
[Date "1998.??.??"]
[Round "1"]
[White "Jakovenko, Dmitrij"]
[Black "Karpov, Alexey"]
[Result "1-0"]
[WhiteElo "2410"]
[BlackElo "2120"]

1.e4 c5 2.Nf3 Nf6 3.Nc3 d5 4.exd5 Nxd5 5.Bb5+ Nc6 6.O-O Bf5 7.Ne5 Qd6 8.Re1 a6
9.Bxc6+ bxc6 10.d4 Nb4 11.Qf3 Qe6 12.Bf4 Nxc2 13.d5 Nxe1 14.Rxe1 cxd5 15.Nxd5 Ra7
16.Qb3 Qc8 17.Rd1 Be6 18.Qa4+ Bd7 19.Nxd7 Qxd7 20.Nc7+ Rxc7 21.Bxc7  1-0

[Event "RUS-Cup07"]
[Site "Tomsk"]
[Date "1998.??.??"]
[Round "4"]
[White "Jakovenko, Dmitrij"]
[Black "Karpatchev, Aleksandr"]
[Result "1/2-1/2"]
[WhiteElo "2410"]
[BlackElo "2515"]

1.e4 e5 2.Nf3 Nc6 3.Bb5 f5 4.Nc3 fxe4 5.Nxe4 d5 6.Nxe5 dxe4 7.Nxc6 Qg5 8.Qe2 Nf6
9.Nxa7+ Bd7 10.Bxd7+ Nxd7 11.Qxe4+ Kd8 12.d3 Qa5+ 13.Bd2 Qxa7 14.O-O Nf6
15.Qe6 Qc5 16.Rae1 Qd5 17.Qxd5+ Nxd5 18.a3 Bd6 19.c4 Nf6 20.Bc3 Kd7 21.g3 b5
22.Re2 bxc4 23.dxc4 Ra4 24.Bxf6 gxf6 25.Rc1 c5 26.f4 Re8 27.Rxe8 Kxe8 28.Kg2 f5
29.h3 Ra7 30.Rc3 Be7 31.g4 Bf6 32.Re3+ Kf7 33.b4 Bb2  1/2-1/2

[Event "RUS-Cup07"]
[Site "Tomsk"]
[Date "1998.??.??"]
[Round "8"]
[White "Kirillov, Igor"]
[Black "Jakovenko, Dmitrij"]
[Result "0-1"]
[WhiteElo "2145"]
[BlackElo "2410"]

1.d4 Nf6 2.c4 e6 3.Nc3 Bb4 4.e3 b6 5.Ne2 c5 6.a3 Ba5 7.Rb1 Qe7 8.Bd2 O-O
9.Ng3 Bb7 10.b4 cxb4 11.axb4 Bxb4 12.Rxb4 Qxb4 13.Nd5 Nxd5 14.Bxb4 Nxb4 15.Nh5 Be4
16.h4 f5 17.f3 Bc2 18.Qa1 a5 19.d5 Rf7 20.Kd2 N8a6 21.Be2 Nc5 22.Qe5 Bd3
23.Nf4 Bxe2 24.Kxe2 exd5 25.cxd5 Rc8 26.Rh3 Nb3 27.Rg3 a4 28.Nh5 Rc2+ 29.Kf1 Rc1+
30.Ke2 Re1+  0-1

[Event "RUS-Cup07"]
[Site "Tomsk"]
[Date "1998.??.??"]
[Round "9"]
[White "Peregudov, Y."]
[Black "Jakovenko, Dmitrij"]
[Result "1/2-1/2"]
[WhiteElo "2220"]
[BlackElo "2410"]

1.d4 Nf6 2.c4 e6 3.Nf3 b6 4.a3 Ba6 5.Qc2 Bb7 6.Nc3 c5 7.dxc5 Bxc5 8.e3 O-O
9.Bd3 h6 10.O-O d5 11.cxd5 Nxd5 12.Be4 Nd7 13.Nxd5 exd5 14.Bh7+ Kh8 15.Bf5 Bd6
16.Rd1 Qe7 17.Nd4 Rad8 18.Bd2 Rfe8 19.Bc3 Nc5 20.Bh3 Qc7 21.g3 Ne4 22.Be1 Qb8
23.Rac1 Be5 24.Bb4 a5 25.Be1 Qd6 26.f3 Ng5 27.Bg2 Bxd4 28.exd4 Qe6 29.h4 Nh7
30.Bf2 Rc8 31.Qb3 Ba6 32.Rxc8 Rxc8 33.Re1 Qd6 34.Bh3 Bc4 35.Qc2 Rd8 36.Qf5 Nf6
37.g4 g6 38.Qe5 Kg8 39.g5 hxg5 40.Qxg5 Re8 41.Re5 Qc6 42.Bg3 Nh5 43.Bf2 Kh7
44.Re7 Rxe7 45.Qxe7 Kg8 46.Bd7 Qf6 47.Qxf6 Nxf6 48.Bc8 Nh5 49.Be3 Ng3 50.Kg2 Nf5
51.Bxf5 gxf5 52.Bg5 a4 53.Kf2 Kg7 54.h5 b5 55.Ke3 Kh7 56.Kf4 Be2 57.Ke3 Bd1
58.h6 Kg6 59.Bf4 f6 60.Kf2 Kh7  1/2-1/2

[Event "Wch U16"]
[Site "Oropesa del Mar"]
[Date "1999.10.25"]
[Round "2"]
[White "Jakovenko, Dmitrij"]
[Black "D'Acosta, Lorin"]
[Result "1-0"]
[WhiteElo "2443"]
[BlackElo "2215"]

1.e4 c5 2.Nf3 d6 3.d4 cxd4 4.Nxd4 Nf6 5.Nc3 Nc6 6.Bg5 e6 7.Qd2 Be7 8.O-O-O O-O
9.f4 Qb6 10.Ndb5 Rd8 11.Bxf6 Bxf6 12.Na4 Qa6 13.b3 Rb8 14.Be2 Be7 15.Qe1 Bd7
16.Nxd6 b5 17.e5 f6 18.Qc3 fxe5 19.fxe5 Bg5+ 20.Kb1 Bf4 21.Nc5 Qa3 22.Nxd7 Rxd7
23.Qxc6 Bxe5 24.Nc4 bxc4 25.Qxe6+ Kh8 26.Qxe5  1-0

[Event "Wch U16"]
[Site "Oropesa del Mar"]
[Date "1999.10.26"]
[Round "3"]
[White "Kritz, Leonid"]
[Black "Jakovenko, Dmitrij"]
[Result "1/2-1/2"]
[WhiteElo "2336"]
[BlackElo "2443"]

1.e4 c5 2.Nf3 e6 3.c4 Nc6 4.Nc3 Nd4 5.Be2 Ne7 6.O-O Nec6 7.d3 Be7 8.Be3 O-O
9.Nb5 Nxe2+ 10.Qxe2 f5 11.Qd2 b6 12.Bf4 d6 13.exf5 e5 14.Bg5 Bxf5 15.Bxe7 Qxe7
16.Rfe1 Nd4 17.Nfxd4 cxd4 18.f4  1/2-1/2

[Event "Wch U16"]
[Site "Oropesa del Mar"]
[Date "1999.10.27"]
[Round "4"]
[White "Jakovenko, Dmitrij"]
[Black "Erenburg, Sergey"]
[Result "1-0"]
[WhiteElo "2443"]
[BlackElo "2352"]

1.e4 c6 2.d4 d5 3.Nc3 dxe4 4.Nxe4 Nd7 5.Bc4 Ngf6 6.Ng5 e6 7.Qe2 Nb6 8.Bb3 h6
9.N5f3 c5 10.dxc5 Bxc5 11.Ne5 O-O 12.Ngf3 Nbd7 13.O-O Qe7 14.Bf4 Nxe5 15.Nxe5 b6
16.Rad1 Bb7 17.Ba4 Nd5 18.Bg3 Qg5 19.Qf3 f5 20.h4 Qd8 21.c4 f4 22.cxd5 fxg3
23.Qxg3 Bxd5 24.Bc6 Qd6 25.Bxa8 Rxa8 26.a3 a5 27.Rfe1 Rf8 28.Rd2 Rf5 29.Kh2 Qd8
30.f4 Bd6 31.Kh3 Qf6 32.Ng4 Qg6 33.Ne5 Qf6 34.Ng4 Qg6 35.Rf2 Bc5 36.Ne3 Qf7
37.Nxf5 Qxf5+ 38.Kh2 Bxf2 39.Qxf2 b5 40.Rc1 a4 41.Rc8+ Kh7 42.Rc5 g5 43.hxg5 hxg5
44.Qg3 Qxf4 45.Qxf4 gxf4 46.Rxb5 Kg6 47.Rb4 e5 48.Rb5 Bg8 49.Rxe5 f3 50.gxf3 Bb3
51.Kg3 Kf6 52.Kf4  1-0

[Event "Wch U16"]
[Site "Oropesa del Mar"]
[Date "1999.10.31"]
[Round "7"]
[White "Jakovenko, Dmitrij"]
[Black "Ni Hua"]
[Result "0-1"]
[WhiteElo "2443"]
[BlackElo "2369"]

1.e4 c5 2.Nf3 Nc6 3.d4 cxd4 4.Nxd4 g6 5.Nc3 Bg7 6.Be3 Nf6 7.Bc4 O-O 8.Bb3 Qa5
9.O-O d6 10.h3 Bd7 11.f4 Qh5 12.Nf3 b5 13.a3 a5 14.Qd3 a4 15.Bd5 Nxd5 16.Nxd5 Rab8
17.c3 Rfe8 18.Rae1 h6 19.Qd2 e5 20.fxe5 dxe5 21.Nf6+ Bxf6 22.Qxd7 Re6 23.Nh2 g5
24.Ng4 Qg6 25.Rf5 Be7 26.Ref1 h5 27.Nh2 Rd6 28.Qc7 Qe6 29.Ba7 Re8 30.Qb7 Nxa7
31.Qxa7 Ra6 32.Qb7 Rb6 33.Qd5 Qxd5 34.exd5 f6 35.h4 gxh4 36.Rxh5 Rd8 37.Nf3 Rxd5
38.Kh2 Rc6 39.Kh3 Rc4 40.Nxh4 Rd2 41.Nf5 Bf8 42.Nh6+ Kg7 43.Ng4 Rxb2 44.Nxf6 Rf4
45.Rxf4 exf4 46.Ne8+ Kg6 47.Rd5 Rb3 48.Kg4 Rxc3 49.Nd6 b4 50.Nb5 f3  0-1

[Event "Wch U16"]
[Site "Oropesa del Mar"]
[Date "1999.11.01"]
[Round "8"]
[White "Neiksans, Arthur"]
[Black "Jakovenko, Dmitrij"]
[Result "1/2-1/2"]
[WhiteElo "2378"]
[BlackElo "2443"]

1.d4 Nf6 2.Nf3 d5 3.g3 Bf5 4.Bg2 e6 5.c4 c6 6.Nc3 Be7 7.O-O O-O 8.Bf4 h6
9.Qb3 Qb6 10.Qxb6 axb6 11.Ne5 Ne4 12.Nxe4 dxe4 13.f3 f6 14.Ng4 c5 15.d5 e5
16.Bd2 Bd7 17.Ne3 exf3 18.Bxf3 f5 19.g4 e4 20.Bg2 f4 21.Nf5 Bxf5 22.gxf5 e3
23.Bc3 Rxf5 24.Bh3 Rf8 25.Be5 g5 26.Bc7 Na6 27.Bxb6 Nb4 28.d6 Bxd6 29.Rad1 Rf6
30.Rxd6 Rxd6 31.Bxc5 Rd2 32.Bxb4 Rxe2 33.Bg4 Rc2 34.Bf5 Rxa2 35.Bxc2 Rxb2
36.Bd3 Rxb4 37.Rb1 Rxb1+ 38.Bxb1 Kf7 39.c5 g4 40.Be4 Ke6 41.Bxb7 h5 42.Kg2 Ke5
43.Bc6 Kd4 44.Kf1 Kxc5 45.Be8 h4 46.Bh5 g3 47.hxg3 fxg3 48.Kg2 Kd4 49.Be2 Kc3
50.Kf3 Kd2 51.Ba6 Ke1 52.Bb5  1/2-1/2

[Event "Wch U16"]
[Site "Oropesa del Mar"]
[Date "1999.11.02"]
[Round "9"]
[White "Jakovenko, Dmitrij"]
[Black "Schneider, D."]
[Result "1-0"]
[WhiteElo "2443"]
[BlackElo "2358"]

1.e4 e6 2.d4 d5 3.Nc3 Bb4 4.e5 c5 5.a3 Bxc3+ 6.bxc3 Qc7 7.Qg4 f5 8.Qg3 cxd4
9.cxd4 Ne7 10.c3 O-O 11.Ne2 b6 12.Nf4 Qd7 13.h4 Ba6 14.Nh5 Ng6 15.Nf6+ gxf6
16.h5 Qg7 17.exf6 Rxf6 18.Bg5 Rf7 19.hxg6 Qxg6 20.Rh6 Qg7 21.Rxe6 Rf8 22.Re7 Qg6
23.Bh6 Qxg3 24.fxg3 Rc8 25.Kd2 Bxf1 26.Rxf1 Nc6 27.Rg7+ Kh8 28.Rxf5 Rg8 29.Rxg8+ Kxg8
30.Rxd5 Na5 31.Rf5 Rc8 32.Kd3 a6 33.Rf6 Nc4 34.d5 a5 35.Kd4 Nxa3 36.Rxb6 Kf7
37.Bc1 Nc4 38.Rc6 Rxc6 39.dxc6 Nd6 40.Kd5 Nc8 41.c7 Ke7 42.Kc6 a4 43.Ba3+ Ke6
44.Kb7 Kd7 45.Bc5  1-0

[Event "Wch U16"]
[Site "Oropesa del Mar"]
[Date "1999.11.05"]
[Round "11"]
[White "Jakovenko, Dmitrij"]
[Black "Jobava, Baadur"]
[Result "1-0"]
[WhiteElo "2443"]
[BlackElo "2330"]

1.e4 c5 2.Nf3 d6 3.d4 cxd4 4.Nxd4 Nf6 5.Nc3 a6 6.Be3 Ng4 7.Bg5 h6 8.Bh4 g5
9.Bg3 Bg7 10.Qd2 Nc6 11.Nb3 Be6 12.O-O-O Rc8 13.Nd5 f5 14.f3 Nf6 15.Bc4 Nxd5
16.exd5 Ne5 17.Be2 Bf7 18.Kb1 b5 19.Bxe5 dxe5 20.h4 gxh4 21.Rxh4 O-O 22.g4 f4
23.g5 hxg5 24.Rg4 e6 25.Rdg1 Bf6 26.Bd3 Kg7 27.Qe1 exd5 28.Rxg5+ Bxg5 29.Qxe5+ Kh6
30.Qf5 Rh8 31.Qxf7 Rc6 32.Nd4 Qf6 33.Nf5+  1-0

[Event "RUS-ch U16"]
[Site "Serpukhov"]
[Date "1999.??.??"]
[Round "1"]
[White "Jakovenko, Dmitrij"]
[Black "Lylov, Igor"]
[Result "1-0"]
[WhiteElo "2408"]
[BlackElo "2170"]

1.e4 d6 2.d4 Nf6 3.Nc3 g6 4.f4 Bg7 5.Nf3 O-O 6.Bd3 Nbd7 7.Qe2 c5 8.d5 e6
9.dxe6 fxe6 10.O-O Nb6 11.e5 Nfd5 12.Ne4 dxe5 13.fxe5 Qc7 14.c4 Nb4 15.Bg5 Nc6
16.Nf6+ Kh8 17.Qe4 Bxf6 18.Bxf6+ Kg8 19.Qg4 Ne7 20.Nh4 Qd7 21.Rad1 Qe8 22.Bxe7 Qxe7
23.Nxg6 Rxf1+ 24.Rxf1 hxg6 25.Qxg6+  1-0

[Event "RUS-ch U16"]
[Site "Serpukhov"]
[Date "1999.??.??"]
[Round "4"]
[White "Alekseev, Evgeny"]
[Black "Jakovenko, Dmitrij"]
[Result "1/2-1/2"]
[WhiteElo "2300"]
[BlackElo "2408"]

1.e4 c5 2.c3 Nf6 3.e5 Nd5 4.d4 cxd4 5.Nf3 Nc6 6.Bc4 Nb6 7.Bb3 d6 8.exd6 Qxd6
9.O-O Be6 10.Na3 dxc3 11.Qe2 Bxb3 12.Nb5 Qb8 13.axb3 e5 14.Nfd4 Nxd4 15.Nxd4 f6
16.bxc3 Kf7 17.Nb5 a6 18.Be3 axb5 19.Bxb6 Rxa1 20.Rxa1 Qe8 21.Ra5 b4 22.cxb4 Qe6
23.Qc4 Be7 24.Ra7 Rc8 25.Qxe6+ Kxe6 26.g3 Rc3 27.Rxb7 Rxb3 28.Be3 f5 29.h4  1/2-1/2

[Event "ECh-u20"]
[Site "Aviles ESP"]
[Date "2000.08.16"]
[Round "1"]
[White "Colin,V"]
[Black "Jakovenko,D"]
[Result "0-1"]
[WhiteElo "2294"]
[BlackElo "2506"]

1.e4 c5 2.Nf3 e6 3.d4 cxd4 4.Nxd4 Nc6 5.Nb5 d5 6.c4 Nf6 7.N1c3 a6 8.Na3 Be7
9.Be2 O-O 10.O-O b6 11.Be3 Ne5 12.f4 Ned7 13.Bf3 Bb7 14.Qe2 Re8 15.Rfd1 Qc7
16.Rac1 Rac8 17.g4 Red8 18.g5 Ne8 19.Bg2 Bf8 20.Qf2 g6 21.f5 gxf5 22.exf5 Ng7
23.Nxd5 exd5 24.cxd5 Qb8 25.f6 Re8 26.Bd4 Ne5 27.Bxe5 Rxc1 28.Rxc1 Rxe5 29.fxg7 Bxg7
30.Nc4 Rxg5 31.Nxb6 Qd8 32.Rc4 a5 33.Kh1 Ba6 34.Rc6 Rg4 35.a3 Bd4 36.Qf5 Qh4
37.Qb1 Rxg2  0-1

[Event "ECh-u20"]
[Site "Aviles ESP"]
[Date "2000.08.19"]
[Round "4"]
[White "Jakovenko,D"]
[Black "Fernandez Romero,Ern"]
[Result "1-0"]
[WhiteElo "2506"]
[BlackElo "2383"]

1.e4 c5 2.Nf3 Nc6 3.d4 cxd4 4.Nxd4 Nf6 5.Nc3 d6 6.Bg5 e6 7.Qd2 a6 8.O-O-O h6
9.Be3 Bd7 10.f3 Qc7 11.g4 Ne5 12.h4 b5 13.Bh3 Nc4 14.Qd3 b4 15.Nce2 Nxe3
16.Qxe3 e5 17.Nf5 g6 18.Nfg3 Qa5 19.Kb1 Be6 20.Nc1 Nd7 21.Qe1 Qb6 22.Nf1 Be7
23.Ne3 Bxh4 24.Qxh4 Qxe3 25.g5 Bxh3 26.Qxh3 Qxg5 27.Rxd6 Qe7 28.Rhd1 Nf6
29.Rxa6 O-O 30.Rxa8 Rxa8 31.Qxh6 Qc5 32.Qd2 Qa5 33.Qd6 Kg7 34.Qd3 Nh5 35.Qc4 Nf6
36.Rd6 Qa4 37.Rb6  1-0

[Event "ECh-u20"]
[Site "Aviles ESP"]
[Date "2000.08.20"]
[Round "5"]
[White "Jakovenko,D"]
[Black "Vallejo Pons,F"]
[Result "0-1"]
[WhiteElo "2506"]
[BlackElo "2554"]

1.e4 c5 2.Nf3 Nc6 3.d4 cxd4 4.Nxd4 Nf6 5.Nc3 d6 6.Bg5 e6 7.Qd2 a6 8.O-O-O h6
9.Be3 Bd7 10.f4 Qc7 11.Be2 Na5 12.e5 dxe5 13.fxe5 Qxe5 14.Nf3 Qc7 15.Bf4 Qc8
16.Be5 Be7 17.Bxf6 gxf6 18.Nd5 Bd8 19.Nxf6+ Bxf6 20.Qxa5 Qd8 21.Qc5 Rc8 22.Qe3 Qc7
23.c3 b5 24.Kb1 b4 25.c4 Bg7 26.Bd3 O-O 27.Rhe1 Ba4 28.Qe4 Rfd8 29.Rd2 Rd7
30.Ne5 Bxe5 31.Qxe5 Qxe5 32.Rxe5 Rxc4 33.b3 Rc3 34.bxa4 Rcxd3 35.Rxd3 Rxd3
36.Kc2 Ra3 37.Ra5 Rxa2+ 38.Kb3 Rxg2 39.Rxa6 Rxh2 40.a5 Rh1 41.Rc6 Rb1+ 42.Ka2 Rd1
43.Rb6 Kg7 44.a6 Rd8 45.Rxb4 f5 46.Kb3 Kf6 47.Kc3 h5 48.Ra4 e5 49.a7 Ra8
50.Kd3 Kg5 51.Ke3 h4 52.Ra5 e4 53.Ra1 h3 54.Rg1+ Kf6 55.Kf4 Rxa7 56.Rh1 Rg7  0-1

[Event "ECh-u20"]
[Site "Aviles ESP"]
[Date "2000.08.23"]
[Round "7"]
[White "Jakovenko,D"]
[Black "Stryjecki,M"]
[Result "1/2-1/2"]
[WhiteElo "2506"]
[BlackElo "2405"]

1.e4 e5 2.Nf3 Nc6 3.Bb5 Nf6 4.O-O Nxe4 5.d4 Nd6 6.Bxc6 dxc6 7.dxe5 Nf5 8.Qxd8+ Kxd8
9.c4 a5 10.Nc3 a4 11.b3 axb3 12.Bg5+ Be7 13.axb3 Rxa1 14.Rxa1 Bxg5 15.Nxg5 Ke7
16.Rd1 Be6 17.f4 h6 18.Nxe6 Kxe6 19.Kf2 h5 20.Ne2 Ra8 21.g3 Ra2 22.Kf3 Rb2
23.Rd3 c5 24.h3 Ne7 25.g4 hxg4+ 26.hxg4 Nc6 27.Re3 Na5 28.f5+ Ke7 29.Nc3 Rxb3
30.Kf4 c6 31.g5 Kf8 32.Rh3 Nxc4 33.Rh8+ Ke7 34.Ne4 Rb4 35.f6+ gxf6 36.gxf6+ Kd7
37.Nxc5+ Kc7 38.Rh7 Kb6 39.Nd7+ Kc7 40.Nc5 Kb6 41.Nd3 Rb3 42.Nf2 Nd2 43.Rh3 Rb4+
44.Kg5 Ne4+ 45.Nxe4 Rxe4 46.Kf5 Re1 47.Rh7 Rf1+ 48.Kg5 Re1 49.Kf4 Rf1+ 50.Kg4 Rg1+
51.Kf5 Rf1+ 52.Kg5 Re1 53.Rxf7 Rxe5+ 54.Kg6 Re1 55.Re7 Rg1+ 56.Kh7 Rf1 57.f7 Kc5
58.Rxb7 Kd4 59.Kg6  1/2-1/2

[Event "ECh-u20"]
[Site "Aviles ESP"]
[Date "2000.08.24"]
[Round "8"]
[White "Karttunen,M"]
[Black "Jakovenko,D"]
[Result "0-1"]
[WhiteElo "2399"]
[BlackElo "2506"]

1.Nf3 Nf6 2.g3 d5 3.Bg2 c6 4.d3 Bf5 5.Nbd2 e6 6.O-O h6 7.Qe1 Be7 8.e4 Bh7
9.Qe2 O-O 10.Re1 a5 11.a4 Na6 12.exd5 cxd5 13.Nb3 Nb4 14.Rd1 Qc8 15.Nbd4 Nd7
16.c3 Nc6 17.Nxc6 bxc6 18.d4 Bd6 19.Be3 Rb8 20.Rd2 Rb3 21.Ne1 Qb7 22.Bf1 Rb8
23.Nd3 Bxd3 24.Rxd3 Rxb2 25.Rd2 Rxd2 26.Bxd2 Qb2 27.Qd1 Nf6 28.f3 c5 29.Bb5 cxd4
30.Rb1 Qa3 31.cxd4 Bc7 32.Rb3 Qe7 33.Kg2 Ne8 34.Qe1 Qd8 35.Qc1 Nd6 36.Qc6 Nf5
37.Rd3 Bb6 38.Qc3 Rc8 39.Qb2 Bxd4 40.Rxd4 Qf6 41.Bc3 Rxc3 42.Qxc3 Qxd4 43.Qxa5 Ne3+
44.Kh3 Qb2 45.Qa8+ Kh7 46.Bd3+ f5 47.Kh4 Qxh2+  0-1

[Event "ECh-u20"]
[Site "Aviles ESP"]
[Date "2000.08.25"]
[Round "9"]
[White "Jakovenko,D"]
[Black "Mateuta,G"]
[Result "0-1"]
[WhiteElo "2506"]
[BlackElo "2409"]

1.e4 c6 2.d4 d5 3.Nc3 dxe4 4.Nxe4 Bf5 5.Ng3 Bg6 6.Nf3 Nf6 7.h4 h6 8.h5 Bh7
9.Bd3 Bxd3 10.Qxd3 e6 11.Bd2 Nbd7 12.Qe2 c5 13.O-O-O Be7 14.c4 cxd4 15.Nxd4 O-O
16.Bc3 Qc7 17.Kb1 Nc5 18.b3 a6 19.Qf3 Rfd8 20.Bb2 Rd7 21.Rhe1 Rad8 22.Nf1 Nh7
23.Qg4 Ng5 24.Ba1 f5 25.Qe2 Bf6 26.Nf3 Nge4 27.Rxd7 Rxd7 28.Rd1 Rxd1+ 29.Qxd1 Bxa1
30.Kxa1 Nxf2 31.Qd4 Nfe4 32.Ne5 Qd6 33.Qxd6 Nxd6 34.b4 Nce4 35.c5 Nf7 36.Nc4 Kf8
37.Kb2 Ke7 38.a4 Kd7 39.Kc2 Nf6 40.Ng3 f4 41.Ne2 e5 42.Nc3 Nxh5 43.Na5 Nd8
44.b5 axb5 45.axb5 Nf6 46.Kd3 g5 47.Ne4 Nd5 48.Nd6 b6 49.Nac4 bxc5 50.Ne4 Nb7
51.Nxe5+ Ke6 52.Nc4 Nb4+ 53.Kc3 Nd5+ 54.Kd3 g4 55.b6 h5 56.Ke2 Nb4 57.Nc3 Nc6
58.Kf2 Ne5 59.Nb2 c4 60.Ne2 Kf5 61.Nd4+ Ke4  0-1

[Event "ECh-u20"]
[Site "Aviles ESP"]
[Date "2000.08.26"]
[Round "10"]
[White "Izoria,Z"]
[Black "Jakovenko,D"]
[Result "1/2-1/2"]
[WhiteElo "2450"]
[BlackElo "2506"]

1.Nf3 d5 2.d4 c6 3.c4 e6 4.Qc2 Bd6 5.g3 f5 6.Bg2 Nf6 7.O-O O-O 8.b3 Qe7 9.Ne5 b6
10.cxd5 cxd5 11.Nc4 Nc6 12.Nxd6 Qxd6 13.Ba3 Nb4 14.Qb2 a5 15.Nd2 Ba6 16.Nf3 Rfc8
17.Rfc1 Ne4 18.Ne5 Qe7 19.f3 Nf6 20.Qd2 Bb5 21.e3 Nd7 22.Nxd7 Qxd7 23.Rxc8+ Rxc8
24.Bxb4 axb4 25.Qxb4 Rc2 26.a4 Ba6 27.Qxb6 Qc8 28.Bf1 Bxf1 29.Rxf1 Kf7 30.Qb4 Rb2
31.Qc5  1/2-1/2